00573cam a22001692 4500001001100000005001700011008004100028040001500069050001600084100003200100245012300132260002800255300001100283650003900294650003500333700003500368000000316620151217155819.0070430s xx 000 0 eng d aKABUcKABU 0aHN773b.P451 aPeil, Margaret.@000014985910aConsensus, conflict and change :ba sociological introduction to African societies /cMargaret Peil, Olatunji Oyeneye. aNairobi :bEAEP,c1998. a345 p. 0aSocial changezAfrica.@0000152859 0aSocialogyzAfrica.@00001528601 aOyeneye, Olatunji.@0000152861